Lecturas y relecturas : ensayos de interpretación simbólica /

Tallennettuna:
Bibliografiset tiedot
Päätekijä: Mora Lomelí, Raúl H. (autor)
Aineistotyyppi: Kirja
Kieli:espanja
Julkaistu: Guadalajara, México : León, México : Puebla, México : ITESO ; Universidad Iberoamericana, Plantel León ; Universidad Iberoamericana, Plantel Golfo-Centro, 2003, c2003
Aiheet:
Tagit: Lisää tagi
Ei tageja, Lisää ensimmäinen tagi!

MARC

LEADER 00000nam^a2200000^a^4500
001 000306968
005 20250521000000.0
009 20260310112833.895
020 |a 968-5087-54-7 
037 |a Acervo Xavier Clavigero 
041 |a ESP 
082 |a 864.  |b MOR 
100 |a Mora Lomelí, Raúl H.  |e (autor) 
245 1 0 |a Lecturas y relecturas :  |b ensayos de interpretación simbólica /  |c R.H. Mora Lomelí. 
264 4 |a Guadalajara, México :  |b ITESO ;  |a León, México :  |b Universidad Iberoamericana, Plantel León ;  |a Puebla, México :  |b Universidad Iberoamericana, Plantel Golfo-Centro,  |c 2003, c2003 
300 |a 282 p. 
336 |a texto  |b txt  |2 rdacontenido 
337 |a sin mediación  |b n  |2 rdamedio 
338 |a volumen  |b nc  |2 rdasoporte 
586 |a Premio Nobel de Literatura 1982: Biografías, crítica e interpretación 
649 |a XX 
650 |a Escritores Chilenos 
650 |a Escritores Colombianos 
650 |a Escritores Nicaragüenses 
650 |a Escritores Mexicanos 
650 |a Filósofos Franceses 
650 |a Poesía -  |x Historia y Crítica 
650 |a Novela -  |x Historia y Crítica 
650 |a Literatura Chilena -  |x Historia y Crítica 
650 |a Literatura Colombiana -  |x Historia y Crítica 
650 |a Literatura Nicaragüense -  |x Historia y Crítica 
650 |a Literatura Mexicana -  |x Historia y Crítica 
650 |a Literatura Latinoamericana -  |x Historia y Crítica 
650 |a Literatura Chilena -  |y Siglo XX 
650 |a Literatura Colombiana -  |y Siglo XX 
650 |a Literatura Nicaragüense -  |y Siglo XX 
650 |a Literatura Mexicana -  |y Siglo XX 
650 |a Literatura Latinoamericana -  |y Siglo XX 
650 |a Mujeres en la Literatura -  |x Historia y Crítica 
650 |a Dios en la Literatura -  |x Historia y Crítica 
650 |a Simbolismo 
650 |a Estilo Literario 
650 |a Análisis de Contenido 
650 |a Semiótica y Literatura 
650 |a Literatura y Periodismo 
650 |a Literatura y Comunicación 
650 |a Literatura -  |x Historia y Crítica 
650 |a Carpentier, Alejo 
650 |a García Márquez, Gabriel 
650 |a Cardenal, Ernesto 
650 |a Reyes, Alfonso 
650 |a Sartre, Jean-Paul 
910 |a Fondo General 
920 |a Impresos - Libros 
930 |a Colección General 
940 |a Literatura 
905 |a 101 
901 |a 0500193447  |b IT1  |c LIT  |i FXC D1191  |u 20250521 
902 |a https://opac.biblio.iteso.mx/vufind/Record/000306968